Horticultural reviews, 2007. V. 34 (Record no. 42714)

MARC details
000 -LEADER
fixed length control field 00355nam a2200133Ia 4500
020 ## - INTERNATIONAL STANDARD BOOK NUMBER
ISBN 9780470171530
082 ## - DEWEY DECIMAL CLASSIFICATION NUMBER
Classification number 634
Item number HOR.34
100 ## - MAIN ENTRY--AUTHOR NAME
Personal name Janik, Jules
245 #0 - TITLE STATEMENT
Title Horticultural reviews, 2007. V. 34
260 ## - PUBLICATION, DISTRIBUTION, ETC. (IMPRINT)
Place of publication New Jersy
Name of publisher John Wiley & Sons
Year of publication 2008
650 ## - SUBJECT ADDED ENTRY--TOPICAL TERM
Topical Term Artificial pollination
942 ## - ADDED ENTRY ELEMENTS (KOHA)
Koha item type Books
Holdings
Withdrawn status Lost status Damaged status Not for loan Home library Current library Date acquired Cost, normal purchase price Full call number Accession Number Koha item type
        RRII Library RRII Library 16/12/2021 224.95 634 HOR.34 22980 Books